Haga clic en Mares del mundo en un mapa - Estadísticas

Estadísticas generales
  • Esta prueba ha sido intentada 142 veces
  • La puntuación promedio es 13 de 15
Respuestas en el mapa
Las respuestas están codificadas por una escala verde-roja en el mapa de la prueba según el % correcto abajo.
 
Estadísticas de respuestas
Respuesta % Correcto
Mar Mediterráneo
97%
Mar Caribe
96%
Mar del Norte
91%
Mar de Tasmania
91%
Mar de Japón
90%
Mar Arábigo
88%
Mar de Bering
87%
Mar Negro
86%
Mar Báltico
85%
Mar Rojo
85%
Mar Adriático
84%
Mar de China Oriental
83%
Mar de China Meridional
82%
Mar Caspio
80%
Mar Egeo
80%
No se encontraron pruebas coincidentes
Distribución de puntuación
Porcentaje de gente con cada puntuación
Porcentaje por número respondido
Historial de tus puntuaciones
No has intentado esta prueba.